| 000 | 00821nam a22002177a 4500 | ||
|---|---|---|---|
| 999 |
_c13911 _d13911 |
||
| 003 | AR-CdUCM | ||
| 008 | 190417b ||||| |||| 00| 0 spa d | ||
| 040 |
_aMUNICIPALIDAD PROVINCIAL DEL CUSCO _cBIBLIOTECA MUNICIPAL DEL CUSCO |
||
| 082 |
_a354 / _bN27 |
||
| 110 |
_aPro naturaleza _925447 |
||
| 245 |
_aLa conservación y el desarrollo sostenible : _bConceptos clave / |
||
| 260 |
_aLima : _c1997. |
||
| 300 |
_a25 páginas ; _c21 cm. |
||
| 440 |
_aDocumentos de conservación _n6 _932519 |
||
| 505 | _aContenido : Introducción -- La conservación: Definiciones y principios -- Sostenible : Un concepto fundamental -- El desarrollo sostenible: Como entenderlo ... | ||
| 650 |
_aDesarrollo _92021 |
||
| 650 |
_aSostenible _932520 |
||
| 650 |
_aNaturaleza _94241 |
||
| 942 |
_2ddc _cLIBROS |
||
| 945 |
_arah _d17/04/2019 |
||